000 00420nam a22001457a 4500
003 OSt
005 20220216161543.0
008 220216b |||||||| |||| 00| 0 eng d
020 _a9788190738606
040 _cH U
082 _a629.836
100 _aSoni K.M.
_928913
245 _aAdvanced Control Systems
_b(Including Digital Control Engineering, Optimal Control And Non-Linear System Analysis)
942 _2ddc
_cBOOKS
_n0
999 _c30648
_d30648